[Event "DEM U18 2025"]
[Site "Willingen GER"]
[Date "2025.06.13"]
[Round "8"]
[White "Reichmann, Felix"]
[Black "Rempe, Jonas"]
[Result "1-0"]
[Termination "normal"]
[Board "9"]
[WhiteTitle "CM"]
[BlackTitle "CM"]
[WhiteElo "2138"]
[BlackElo "2135"]
[WhiteClock "00:24:26"]
[BlackClock "00:46:38"]
[PlyCount "107"]
[WhiteFideId "16238290"]
[BlackFideId "16202406"]
[EventCountry "GER"]
[EventRounds "9"]
[EventType "swiss"]
[EventDate "2025.06.07"]

1. c4 {[%clk 01:30:54]} {[%emt 00:00:05]} e5 {[%clk 01:30:52]} {[%emt
00:00:08]} 2. Nc3 {[%clk 01:30:56]} {[%emt 00:00:28]} d6 {[%clk 01:31:16]}
{[%emt 00:00:06]} 3. g3 {[%clk 01:29:08]} {[%emt 00:02:18]} f5 {[%clk
01:31:40]} {[%emt 00:00:07]} 4. Bg2 {[%clk 01:28:43]} {[%emt 00:00:54]} Be7
{[%clk 01:32:03]} {[%emt 00:00:07]} 5. Nf3 {[%clk 01:25:46]} {[%emt 00:03:27]}
Nf6 {[%clk 01:30:16]} {[%emt 00:02:17]} 6. d3 {[%clk 01:23:00]} {[%emt
00:03:16]} O-O {[%clk 01:30:38]} {[%emt 00:00:09]} 7. Rb1 {[%clk 01:16:28]}
{[%emt 00:07:01]} a5 {[%clk 01:30:26]} {[%emt 00:00:42]} 8. a3 {[%clk
01:16:33]} {[%emt 00:00:26]} Qe8 {[%clk 01:27:59]} {[%emt 00:02:57]} 9. b4
{[%clk 01:15:08]} {[%emt 00:01:55]} axb4 {[%clk 01:28:22]} {[%emt 00:00:06]}
10. axb4 {[%clk 01:15:34]} {[%emt 00:00:05]} h6 {[%clk 01:28:37]} {[%emt
00:00:14]} 11. O-O {[%clk 01:07:34]} {[%emt 00:08:30]} Qf7 {[%clk 01:28:13]}
{[%emt 00:00:55]} 12. b5 {[%clk 01:04:02]} {[%emt 00:04:01]} Be6 {[%clk
01:26:41]} {[%emt 00:02:01]} 13. d4 {[%clk 00:58:04]} {[%emt 00:06:29]} e4
{[%clk 01:13:03]} {[%emt 00:14:08]} 14. d5 {[%clk 00:58:08]} {[%emt 00:00:27]}
Bd7 {[%clk 01:13:25]} {[%emt 00:00:06]} 15. Nd4 {[%clk 00:51:43]} {[%emt
00:06:56]} c5 {[%clk 01:12:37]} {[%emt 00:01:18]} 16. Nc2 {[%clk 00:51:07]}
{[%emt 00:01:06]} Qh5 {[%clk 01:01:01]} {[%emt 00:12:06]} 17. f3 {[%clk
00:45:51]} {[%emt 00:05:46]} exf3 {[%clk 00:59:35]} {[%emt 00:01:56]} 18. exf3
{[%clk 00:45:43]} {[%emt 00:00:38]} Nh7 {[%clk 00:58:23]} {[%emt 00:01:43]} 19.
f4 {[%clk 00:40:35]} {[%emt 00:05:37]} Qxd1 {[%clk 00:58:20]} {[%emt 00:00:34]}
20. Rxd1 {[%clk 00:40:54]} {[%emt 00:00:10]} Be8 {[%clk 00:58:39]} {[%emt
00:00:11]} 21. Bb2 {[%clk 00:36:21]} {[%emt 00:05:04]} Bf7 {[%clk 00:57:02]}
{[%emt 00:02:06]} 22. Ra1 {[%clk 00:31:26]} {[%emt 00:05:25]} Nd7 {[%clk
00:57:02]} {[%emt 00:00:30]} 23. Rxa8 {[%clk 00:28:27]} {[%emt 00:03:28]} Rxa8
{[%clk 00:56:29]} {[%emt 00:01:03]} 24. Ra1 {[%clk 00:28:43]} {[%emt 00:00:15]}
Rxa1+ {[%clk 00:56:28]} {[%emt 00:00:31]} 25. Nxa1 {[%clk 00:28:13]} {[%emt
00:01:00]} Nb6 {[%clk 00:52:50]} {[%emt 00:04:08]} 26. Bf1 {[%clk 00:28:32]}
{[%emt 00:00:11]} Be8 {[%clk 00:53:06]} {[%emt 00:00:15]} 27. Nb3 {[%clk
00:28:46]} {[%emt 00:00:16]} Bd7 {[%clk 00:53:27]} {[%emt 00:00:07]} 28. Na5
{[%clk 00:26:18]} {[%emt 00:02:59]} Bc8 {[%clk 00:53:52]} {[%emt 00:00:05]} 29.
Bd3 {[%clk 00:25:02]} {[%emt 00:01:45]} Bf6 {[%clk 00:53:39]} {[%emt 00:00:44]}
30. Nd1 {[%clk 00:24:09]} {[%emt 00:01:23]} Kf7 {[%clk 00:49:41]} {[%emt
00:04:28]} 31. Kf2 {[%clk 00:22:27]} {[%emt 00:02:13]} Bd8 {[%clk 00:48:13]}
{[%emt 00:01:57]} 32. Nb3 {[%clk 00:19:43]} {[%emt 00:03:13]} g6 {[%clk
00:47:25]} {[%emt 00:01:19]} 33. Ne3 {[%clk 00:18:14]} {[%emt 00:01:58]} Nd7
{[%clk 00:46:22]} {[%emt 00:01:34]} 34. g4 {[%clk 00:15:35]} {[%emt 00:03:09]}
fxg4 {[%clk 00:46:41]} {[%emt 00:00:11]} 35. f5 {[%clk 00:13:07]} {[%emt
00:02:58]} Ndf8 {[%clk 00:42:04]} {[%emt 00:05:07]} 36. fxg6+ {[%clk 00:12:51]}
{[%emt 00:00:46]} Nxg6 {[%clk 00:42:28]} {[%emt 00:00:06]} 37. Bf5 {[%clk
00:12:35]} {[%emt 00:00:46]} Bh4+ {[%clk 00:29:37]} {[%emt 00:13:21]} 38. Kf1
{[%clk 00:11:46]} {[%emt 00:01:19]} Bxf5 {[%clk 00:25:03]} {[%emt 00:05:04]}
39. Nxf5 {[%clk 00:12:15]} {[%emt 00:00:02]} b6 {[%clk 00:25:24]} {[%emt
00:00:08]} 40. Nxh6+ {[%clk 00:12:07]} {[%emt 00:00:38]} Ke7 {[%clk 00:25:35]}
{[%emt 00:00:18]} 41. Nxg4 {[%clk 00:11:49]} {[%emt 00:00:48]} Nf4 {[%clk
00:24:59]} {[%emt 00:01:06]} 42. Ne3 {[%clk 00:05:35]} {[%emt 00:06:45]} Nd3
{[%clk 00:23:11]} {[%emt 00:02:18]} 43. Nf5+ {[%clk 00:03:30]} {[%emt
00:02:34]} Kd7 {[%clk 00:23:40]} {[%emt 00:00:02]} 44. Bc3 {[%clk 00:03:23]}
{[%emt 00:00:37]} Bf6 {[%clk 00:19:56]} {[%emt 00:04:14]} 45. Bxf6 {[%clk
00:03:39]} {[%emt 00:00:14]} Nxf6 {[%clk 00:20:21]} {[%emt 00:00:05]} 46. Nd2
{[%clk 00:02:46]} {[%emt 00:01:23]} Nb2 {[%clk 00:20:08]} {[%emt 00:00:43]} 47.
h4 {[%clk 00:02:25]} {[%emt 00:00:51]} Nd1 {[%clk 00:18:12]} {[%emt 00:02:26]}
48. Ke2 {[%clk 00:28:07]} {[%emt 00:04:48]} Nc3+ {[%clk 00:48:35]} {[%emt
00:00:07]} 49. Kf3 {[%clk 00:28:12]} {[%emt 00:00:24]} Ncxd5 {[%clk 00:48:22]}
{[%emt 00:00:43]} 50. cxd5 {[%clk 00:28:33]} {[%emt 00:00:10]} Nxd5 {[%clk
00:48:48]} {[%emt 00:00:04]} 51. Nc4 {[%clk 00:28:10]} {[%emt 00:00:53]} Ke6
{[%clk 00:48:38]} {[%emt 00:00:40]} 52. Nfxd6 {[%clk 00:28:23]} {[%emt
00:00:18]} Nc3 {[%clk 00:47:48]} {[%emt 00:01:20]} 53. Kg4 {[%clk 00:24:32]}
{[%emt 00:04:20]} Kf6 {[%clk 00:46:38]} {[%emt 00:01:39]} 54. Nxb6 {[%clk
00:24:26]} {[%emt 00:00:37]} 1-0

[Event "DEM U18 2025"]
[Site "Willingen GER"]
[Date "2025.06.13"]
[Round "8"]
[White "Sieber, Bert"]
[Black "Müller, Maximilian"]
[Result "0-1"]
[Termination "normal"]
[Board "11"]
[WhiteElo "1996"]
[BlackElo "2018"]
[WhiteClock "00:06:08"]
[BlackClock "00:03:32"]
[PlyCount "82"]
[WhiteFideId "16265971"]
[BlackFideId "16243552"]
[EventCountry "GER"]
[EventRounds "9"]
[EventType "swiss"]
[EventDate "2025.06.07"]

1. d4 {[%clk 01:31:00]} {[%emt 13:16:39]} Nf6 {[%clk 01:30:55]} {[%emt
00:00:05]} 2. c4 {[%clk 01:31:25]} {[%emt 00:00:05]} e6 {[%clk 01:31:22]}
{[%emt 00:00:03]} 3. Nc3 {[%clk 01:31:50]} {[%emt 00:00:05]} Bb4 {[%clk
01:31:48]} {[%emt 00:00:04]} 4. e3 {[%clk 01:32:13]} {[%emt 00:00:07]} O-O
{[%clk 01:32:13]} {[%emt 00:00:05]} 5. Bd3 {[%clk 01:32:28]} {[%emt 00:00:15]}
d5 {[%clk 01:32:37]} {[%emt 00:00:06]} 6. cxd5 {[%clk 01:32:42]} {[%emt
00:00:15]} exd5 {[%clk 01:33:01]} {[%emt 00:00:06]} 7. a3 {[%clk 01:33:07]}
{[%emt 00:00:06]} Bd6 {[%clk 01:32:48]} {[%emt 00:00:42]} 8. Qc2 {[%clk
01:33:30]} {[%emt 00:00:07]} c6 {[%clk 01:30:48]} {[%emt 00:02:31]} 9. Nge2
{[%clk 01:33:53]} {[%emt 00:00:06]} Re8 {[%clk 01:30:45]} {[%emt 00:00:32]} 10.
Bd2 {[%clk 01:34:00]} {[%emt 00:00:25]} Nbd7 {[%clk 01:29:25]} {[%emt
00:01:49]} 11. f3 {[%clk 01:34:18]} {[%emt 00:00:12]} c5 {[%clk 01:24:48]}
{[%emt 00:05:08]} 12. h4 {[%clk 01:34:42]} {[%emt 00:00:06]} a6 {[%emt
00:04:27]} 13. Kf2 {[%clk 01:20:45]} {[%emt 00:14:26]} Nf8 {[%clk 01:14:09]}
{[%emt 00:07:12]} 14. Rag1 {[%clk 01:18:43]} {[%emt 00:02:31]} g6 {[%clk
00:57:26]} {[%emt 00:17:15]} 15. Qb1 {[%clk 01:16:59]} {[%emt 00:02:13]} h5
{[%clk 00:57:50]} {[%emt 00:00:06]} 16. g3 {[%clk 01:02:45]} {[%emt 00:14:44]}
b5 {[%clk 00:50:45]} {[%emt 00:07:35]} 17. Nf4 {[%clk 01:01:14]} {[%emt
00:02:01]} b4 {[%clk 00:43:52]} {[%emt 00:07:24]} 18. axb4 {[%clk 00:49:14]}
{[%emt 00:12:30]} cxd4 {[%clk 00:44:05]} {[%emt 00:00:17]} 19. exd4 {[%clk
00:39:19]} {[%emt 00:10:23]} Bxb4 {[%clk 00:44:30]} {[%emt 00:00:06]} 20. Re1
{[%clk 00:37:56]} {[%emt 00:01:53]} Rxe1 {[%clk 00:34:06]} {[%emt 00:10:55]}
21. Rxe1 {[%clk 00:38:19]} {[%emt 00:00:06]} Qb6 {[%clk 00:34:31]} {[%emt
00:00:05]} 22. Be3 {[%clk 00:36:14]} {[%emt 00:02:30]} Rb8 {[%clk 00:18:47]}
{[%emt 00:16:19]} 23. Ncxd5 {[%clk 00:31:31]} {[%emt 00:05:13]} Nxd5 {[%clk
00:18:09]} {[%emt 00:01:08]} 24. Nxd5 {[%clk 00:31:49]} {[%emt 00:00:12]} Bxe1+
{[%clk 00:18:35]} {[%emt 00:00:04]} 25. Kxe1 {[%clk 00:32:05]} {[%emt
00:00:15]} Qe6 {[%clk 00:17:24]} {[%emt 00:01:40]} 26. Be4 {[%clk 00:31:44]}
{[%emt 00:00:50]} Bb7 {[%clk 00:15:11]} {[%emt 00:02:44]} 27. Nf4 {[%clk
00:27:01]} {[%emt 00:05:14]} Bxe4 {[%clk 00:15:11]} {[%emt 00:00:30]} 28. fxe4
{[%clk 00:27:24]} {[%emt 00:00:07]} Qb3 {[%clk 00:15:36]} {[%emt 00:00:04]} 29.
Nd3 {[%clk 00:27:36]} {[%emt 00:00:17]} a5 {[%clk 00:14:54]} {[%emt 00:01:13]}
30. Ke2 {[%clk 00:26:12]} {[%emt 00:01:54]} a4 {[%clk 00:15:03]} {[%emt
00:00:21]} 31. Qc1 {[%clk 00:25:35]} {[%emt 00:01:07]} Qe6 {[%clk 00:12:01]}
{[%emt 00:03:32]} 32. Nc5 {[%clk 00:23:36]} {[%emt 00:02:29]} Qg4+ {[%clk
00:12:22]} {[%emt 00:00:09]} 33. Kf2 {[%clk 00:23:57]} {[%emt 00:00:09]} Nd7
{[%clk 00:10:38]} {[%emt 00:02:15]} 34. Qc2 {[%clk 00:14:13]} {[%emt 00:10:14]}
Nxc5 {[%clk 00:10:51]} {[%emt 00:00:18]} 35. dxc5 {[%clk 00:14:33]} {[%emt
00:00:08]} Qh3 {[%clk 00:11:16]} {[%emt 00:00:05]} 36. Kf3 {[%clk 00:13:25]}
{[%emt 00:01:38]} Rb3 {[%clk 00:09:06]} {[%emt 00:02:40]} 37. Qc1 {[%clk
00:07:25]} {[%emt 00:06:30]} Qe6 {[%clk 00:01:56]} {[%emt 00:07:39]} 38. c6
{[%clk 00:07:01]} {[%emt 00:00:55]} Qf6+ {[%clk 00:02:20]} {[%emt 00:00:06]}
39. Kg2 {[%clk 00:06:21]} {[%emt 00:01:10]} Qxb2+ {[%clk 00:02:44]} {[%emt
00:00:07]} 40. Kf1 {[%clk 00:05:39]} {[%emt 00:01:12]} Qxc1+ {[%clk 00:03:08]}
{[%emt 00:00:05]} 41. Bxc1 {[%clk 00:06:08]} {[%emt 00:00:01]} Rb1 {[%clk
00:03:32]} {[%emt 00:00:06]} 0-1

[Event "DEM U18 2025"]
[Site "Willingen GER"]
[Date "2025.06.13"]
[Round "8"]
[White "Schwarz, David"]
[Black "Petzold, Johannes Julius"]
[Result "0-1"]
[Termination "normal"]
[Board "12"]
[WhiteElo "2137"]
[BlackElo "1986"]
[WhiteClock "00:01:25"]
[BlackClock "00:08:14"]
[PlyCount "112"]
[WhiteFideId "16287614"]
[BlackFideId "16289455"]
[EventCountry "GER"]
[EventRounds "9"]
[EventType "swiss"]
[EventDate "2025.06.07"]

1. d4 {[%clk 01:30:47]} {[%emt 00:00:13]} Nf6 {[%clk 01:30:52]} {[%emt
00:00:06]} 2. c4 {[%clk 01:30:44]} {[%emt 00:00:35]} g6 {[%clk 01:31:11]}
{[%emt 00:00:11]} 3. h4 {[%clk 01:30:38]} {[%emt 00:00:36]} Bg7 {[%clk
01:31:14]} {[%emt 00:00:27]} 4. Nc3 {[%clk 01:31:04]} {[%emt 00:00:04]} O-O
{[%clk 01:30:25]} {[%emt 00:01:20]} 5. e4 {[%clk 01:31:29]} {[%emt 00:00:04]}
d6 {[%clk 01:30:23]} {[%emt 00:00:32]} 6. h5 {[%clk 01:31:41]} {[%emt
00:00:18]} Nbd7 {[%clk 01:23:40]} {[%emt 00:07:13]} 7. g4 {[%clk 01:19:15]}
{[%emt 00:12:56]} e5 {[%clk 01:18:05]} {[%emt 00:06:05]} 8. h6 {[%clk
01:17:39]} {[%emt 00:02:05]} Bh8 {[%clk 01:18:27]} {[%emt 00:00:09]} 9. d5
{[%clk 01:17:53]} {[%emt 00:00:16]} Nc5 {[%clk 01:17:47]} {[%emt 00:01:11]} 10.
Bg5 {[%clk 01:18:08]} {[%emt 00:00:13]} a5 {[%clk 01:15:59]} {[%emt 00:02:19]}
11. f3 {[%clk 01:15:01]} {[%emt 00:03:37]} c6 {[%clk 01:12:38]} {[%emt
00:03:50]} 12. Bd3 {[%clk 01:07:43]} {[%emt 00:07:48]} Qb6 {[%clk 01:11:09]}
{[%emt 00:01:59]} 13. Nge2 {[%clk 01:06:08]} {[%emt 00:02:05]} cxd5 {[%clk
01:06:16]} {[%emt 00:05:24]} 14. cxd5 {[%clk 01:04:00]} {[%emt 00:02:37]} Bd7
{[%clk 01:03:48]} {[%emt 00:02:58]} 15. Be3 {[%clk 00:59:46]} {[%emt 00:04:44]}
Rfc8 {[%clk 01:01:43]} {[%emt 00:02:35]} 16. O-O {[%clk 01:00:04]} {[%emt
00:00:13]} Ne8 {[%clk 00:55:08]} {[%emt 00:07:05]} 17. Qd2 {[%clk 00:56:17]}
{[%emt 00:04:17]} Bf6 {[%clk 00:53:33]} {[%emt 00:02:05]} 18. Kh1 {[%clk
00:52:48]} {[%emt 00:03:58]} Qd8 {[%clk 00:46:25]} {[%emt 00:07:38]} 19. Nc1
{[%clk 00:47:32]} {[%emt 00:05:46]} Nc7 {[%clk 00:42:29]} {[%emt 00:04:26]} 20.
Bc2 {[%clk 00:34:57]} {[%emt 00:13:05]} b5 {[%clk 00:40:10]} {[%emt 00:02:49]}
21. a4 {[%clk 00:35:04]} {[%emt 00:00:24]} Rcb8 {[%clk 00:35:51]} {[%emt
00:04:49]} 22. Nd3 {[%clk 00:34:11]} {[%emt 00:01:22]} b4 {[%clk 00:33:10]}
{[%emt 00:03:11]} 23. Ne2 {[%clk 00:34:25]} {[%emt 00:00:16]} N7a6 {[%clk
00:33:23]} {[%emt 00:00:18]} 24. b3 {[%clk 00:32:01]} {[%emt 00:02:54]} Nxd3
{[%clk 00:32:15]} {[%emt 00:01:38]} 25. Bxd3 {[%clk 00:32:25]} {[%emt
00:00:05]} Nc5 {[%clk 00:32:28]} {[%emt 00:00:18]} 26. Nc1 {[%clk 00:32:19]}
{[%emt 00:00:35]} Qf8 {[%clk 00:30:35]} {[%emt 00:02:23]} 27. Bc4 {[%clk
00:29:31]} {[%emt 00:03:18]} Bd8 {[%clk 00:30:29]} {[%emt 00:00:36]} 28. Nd3
{[%clk 00:29:28]} {[%emt 00:00:33]} Nxd3 {[%clk 00:30:11]} {[%emt 00:00:49]}
29. Qxd3 {[%clk 00:29:50]} {[%emt 00:00:08]} Qe7 {[%clk 00:28:28]} {[%emt
00:02:12]} 30. Ra2 {[%clk 00:22:14]} {[%emt 00:08:07]} Bb6 {[%clk 00:27:57]}
{[%emt 00:01:00]} 31. Bxb6 {[%clk 00:20:05]} {[%emt 00:02:39]} Rxb6 {[%clk
00:28:24]} {[%emt 00:00:04]} 32. f4 {[%clk 00:20:32]} {[%emt 00:00:03]} Bxg4
{[%clk 00:24:17]} {[%emt 00:04:36]} 33. Qg3 {[%clk 00:18:56]} {[%emt 00:02:06]}
Bd7 {[%clk 00:23:21]} {[%emt 00:01:27]} 34. Qf2 {[%clk 00:16:21]} {[%emt
00:03:05]} Rbb8 {[%clk 00:19:48]} {[%emt 00:04:03]} 35. fxe5 {[%clk 00:16:17]}
{[%emt 00:00:34]} Rf8 {[%clk 00:20:00]} {[%emt 00:00:18]} 36. Qf6 {[%clk
00:08:39]} {[%emt 00:08:08]} Qxe5 {[%clk 00:19:02]} {[%emt 00:01:27]} 37. Qxe5
{[%clk 00:09:04]} {[%emt 00:00:05]} dxe5 {[%clk 00:19:28]} {[%emt 00:00:05]}
38. Rf6 {[%clk 00:09:28]} {[%emt 00:00:05]} Rfd8 {[%clk 00:12:59]} {[%emt
00:07:00]} 39. Raf2 {[%clk 00:04:22]} {[%emt 00:05:35]} Be8 {[%clk 00:13:03]}
{[%emt 00:00:26]} 40. Kg2 {[%clk 00:03:20]} {[%emt 00:01:33]} Ra7 {[%clk
00:06:04]} {[%emt 00:07:28]} 41. Kg3 {[%clk 00:01:18]} {[%emt 00:02:32]} Kf8
{[%clk 00:01:03]} {[%emt 00:05:31]} 42. Kh4 {[%clk 00:26:46]} {[%emt 00:05:02]}
Rdd7 {[%clk 00:29:36]} {[%emt 00:01:58]} 43. Kg5 {[%clk 00:23:58]} {[%emt
00:03:17]} Rdc7 {[%clk 00:24:10]} {[%emt 00:05:56]} 44. d6 {[%clk 00:20:23]}
{[%emt 00:04:06]} Rd7 {[%clk 00:20:28]} {[%emt 00:04:11]} 45. Bb5 {[%clk
00:20:28]} {[%emt 00:00:25]} Rd8 {[%clk 00:20:23]} {[%emt 00:00:35]} 46. d7
{[%clk 00:20:53]} {[%emt 00:00:06]} Raxd7 {[%clk 00:17:23]} {[%emt 00:03:28]}
47. Bxd7 {[%clk 00:18:27]} {[%emt 00:02:57]} Rxd7 {[%clk 00:17:50]} {[%emt
00:00:04]} 48. R2f3 {[%clk 00:12:14]} {[%emt 00:06:43]} Rd4 {[%clk 00:10:58]}
{[%emt 00:07:22]} 49. Re3 {[%clk 00:12:36]} {[%emt 00:00:08]} Ke7 {[%clk
00:10:38]} {[%emt 00:00:50]} 50. Ra6 {[%clk 00:12:45]} {[%emt 00:00:20]} Rd1
{[%clk 00:09:51]} {[%emt 00:01:17]} 51. Rxa5 {[%clk 00:12:22]} {[%emt
00:00:53]} Rg1+ {[%clk 00:09:19]} {[%emt 00:01:02]} 52. Kh4 {[%clk 00:12:38]}
{[%emt 00:00:14]} Bd7 {[%clk 00:09:38]} {[%emt 00:00:12]} 53. Rxe5+ {[%clk
00:11:50]} {[%emt 00:01:18]} Kf6 {[%clk 00:09:42]} {[%emt 00:00:26]} 54. Rg5
{[%clk 00:00:32]} {[%emt 00:11:47]} Rh1+ {[%clk 00:08:57]} {[%emt 00:01:14]}
55. Kg3 {[%clk 00:00:58]} {[%emt 00:00:05]} Kxg5 {[%clk 00:08:30]} {[%emt
00:00:57]} 56. Kg2 {[%clk 00:01:25]} {[%emt 00:00:03]} Rb1 {[%clk 00:08:14]}
{[%emt 00:00:46]} 0-1

[Event "DEM U18 2025"]
[Site "Willingen GER"]
[Date "2025.06.13"]
[Round "8"]
[White "Cilo, Selimhan"]
[Black "Lippitz, Jaden"]
[Result "1-0"]
[Termination "normal"]
[Board "13"]
[WhiteElo "2164"]
[BlackElo "1828"]
[WhiteClock "00:06:39"]
[BlackClock "00:42:37"]
[PlyCount "105"]
[WhiteFideId "16246756"]
[BlackFideId "34608893"]
[EventCountry "GER"]
[EventRounds "9"]
[EventType "swiss"]
[EventDate "2025.06.07"]

1. e4 {[%clk 01:30:58]} {[%emt 00:00:02]} c5 {[%clk 01:30:55]} {[%emt
00:00:06]} 2. Nf3 {[%clk 01:31:22]} {[%emt 00:00:05]} d6 {[%clk 01:31:20]}
{[%emt 00:00:05]} 3. Bb5+ {[%clk 01:31:46]} {[%emt 00:00:07]} Bd7 {[%clk
01:31:40]} {[%emt 00:00:10]} 4. Bxd7+ {[%clk 01:32:09]} {[%emt 00:00:06]} Qxd7
{[%clk 01:32:02]} {[%emt 00:00:09]} 5. c4 {[%clk 01:32:31]} {[%emt 00:00:07]}
Nc6 {[%clk 01:32:10]} {[%emt 00:00:23]} 6. Nc3 {[%clk 01:32:43]} {[%emt
00:00:18]} Nf6 {[%clk 01:31:58]} {[%emt 00:00:41]} 7. d4 {[%clk 01:33:04]}
{[%emt 00:00:10]} cxd4 {[%clk 01:32:22]} {[%emt 00:00:06]} 8. Nxd4 {[%clk
01:33:28]} {[%emt 00:00:06]} e6 {[%clk 01:31:49]} {[%emt 00:01:02]} 9. f3
{[%clk 01:33:39]} {[%emt 00:00:20]} Be7 {[%clk 01:31:51]} {[%emt 00:00:28]} 10.
Be3 {[%clk 01:34:01]} {[%emt 00:00:08]} O-O {[%clk 01:30:52]} {[%emt 00:01:29]}
11. O-O {[%clk 01:34:08]} {[%emt 00:00:23]} Rfc8 {[%clk 01:29:30]} {[%emt
00:01:51]} 12. Qe2 {[%clk 01:32:55]} {[%emt 00:01:43]} d5 {[%clk 01:24:47]}
{[%emt 00:05:14]} 13. Nxc6 {[%clk 01:23:19]} {[%emt 00:10:05]} bxc6 {[%clk
01:24:37]} {[%emt 00:00:41]} 14. e5 {[%clk 01:22:50]} {[%emt 00:00:59]} Ne8
{[%clk 01:22:47]} {[%emt 00:02:20]} 15. Rad1 {[%clk 01:20:53]} {[%emt
00:02:27]} Qb7 {[%clk 01:19:25]} {[%emt 00:03:52]} 16. c5 {[%clk 01:11:55]}
{[%emt 00:09:28]} Rab8 {[%clk 01:13:59]} {[%emt 00:05:55]} 17. Rd2 {[%clk
01:09:55]} {[%emt 00:02:30]} Qb4 {[%clk 01:12:03]} {[%emt 00:02:27]} 18. Qf2
{[%clk 01:09:25]} {[%emt 00:01:00]} Nc7 {[%clk 01:10:51]} {[%emt 00:01:41]} 19.
a3 {[%clk 01:04:30]} {[%emt 00:05:26]} Qh4 {[%clk 01:08:28]} {[%emt 00:02:52]}
20. g3 {[%clk 01:02:54]} {[%emt 00:02:06]} Qh5 {[%clk 01:04:43]} {[%emt
00:04:15]} 21. f4 {[%clk 00:53:17]} {[%emt 00:10:07]} Nb5 {[%clk 01:01:37]}
{[%emt 00:03:37]} 22. Nxb5 {[%clk 00:45:40]} {[%emt 00:08:06]} Rxb5 {[%clk
01:01:25]} {[%emt 00:00:43]} 23. Bd4 {[%clk 00:44:35]} {[%emt 00:01:35]} g6
{[%clk 01:00:15]} {[%emt 00:01:40]} 24. Kg2 {[%clk 00:37:02]} {[%emt 00:08:02]}
Kf8 {[%clk 00:57:41]} {[%emt 00:03:04]} 25. h3 {[%clk 00:33:47]} {[%emt
00:03:45]} Ke8 {[%clk 00:55:37]} {[%emt 00:02:34]} 26. g4 {[%clk 00:33:04]}
{[%emt 00:01:12]} Qh6 {[%clk 00:55:50]} {[%emt 00:00:18]} 27. b4 {[%clk
00:17:14]} {[%emt 00:16:21]} Kd7 {[%clk 00:53:35]} {[%emt 00:02:44]} 28. Rb2
{[%clk 00:16:39]} {[%emt 00:01:06]} a5 {[%clk 00:47:20]} {[%emt 00:06:45]} 29.
bxa5 {[%clk 00:16:33]} {[%emt 00:00:36]} Rxa5 {[%clk 00:47:15]} {[%emt
00:00:35]} 30. Rb7+ {[%clk 00:05:50]} {[%emt 00:11:13]} Rc7 {[%clk 00:47:10]}
{[%emt 00:00:35]} 31. Rxc7+ {[%clk 00:03:46]} {[%emt 00:02:34]} Kxc7 {[%clk
00:44:37]} {[%emt 00:03:03]} 32. Qe3 {[%clk 00:04:07]} {[%emt 00:00:08]} Qf8
{[%clk 00:44:36]} {[%emt 00:00:31]} 33. Qc3 {[%clk 00:03:14]} {[%emt 00:01:24]}
Qa8 {[%clk 00:44:09]} {[%emt 00:00:56]} 34. Ra1 {[%clk 00:02:13]} {[%emt
00:01:31]} Qa7 {[%clk 00:44:13]} {[%emt 00:00:26]} 35. f5 {[%clk 00:00:53]}
{[%emt 00:01:51]} Bxc5 {[%clk 00:43:45]} {[%emt 00:00:57]} 36. Rc1 {[%clk
00:00:59]} {[%emt 00:00:24]} Rxa3 {[%clk 00:35:08]} {[%emt 00:09:08]} 37. Qxc5
{[%clk 00:01:21]} {[%emt 00:00:08]} Ra2+ {[%clk 00:34:51]} {[%emt 00:00:45]}
38. Kg3 {[%clk 00:01:01]} {[%emt 00:00:52]} Ra3+ {[%clk 00:33:54]} {[%emt
00:01:27]} 39. Kg2 {[%clk 00:00:42]} {[%emt 00:00:48]} Ra2+ {[%clk 00:32:28]}
{[%emt 00:01:56]} 40. Kg3 {[%clk 00:01:11]} {[%emt 00:00:01]} Ra3+ {[%clk
00:32:24]} {[%emt 00:00:34]} 41. Kh4 {[%clk 00:27:54]} {[%emt 00:03:48]} Qxc5
{[%clk 00:56:10]} {[%emt 00:06:44]} 42. Bxc5 {[%clk 00:28:18]} {[%emt
00:00:05]} Rf3 {[%clk 00:55:13]} {[%emt 00:01:28]} 43. f6 {[%clk 00:19:17]}
{[%emt 00:09:31]} h6 {[%clk 00:47:38]} {[%emt 00:08:04]} 44. Rh1 {[%clk
00:18:54]} {[%emt 00:00:53]} Rc3 {[%clk 00:47:02]} {[%emt 00:01:05]} 45. Bf8
{[%clk 00:19:00]} {[%emt 00:00:25]} c5 {[%clk 00:46:14]} {[%emt 00:01:18]} 46.
Bxh6 {[%clk 00:18:58]} {[%emt 00:00:32]} d4 {[%clk 00:46:25]} {[%emt 00:00:20]}
47. Rc1 {[%clk 00:04:52]} {[%emt 00:14:37]} Rxc1 {[%clk 00:45:23]} {[%emt
00:01:30]} 48. Bxc1 {[%clk 00:05:17]} {[%emt 00:00:05]} c4 {[%clk 00:44:57]}
{[%emt 00:00:56]} 49. Kg3 {[%clk 00:05:39]} {[%emt 00:00:08]} c3 {[%clk
00:44:44]} {[%emt 00:00:44]} 50. Kf3 {[%clk 00:05:55]} {[%emt 00:00:14]} d3
{[%clk 00:42:54]} {[%emt 00:02:20]} 51. h4 {[%clk 00:05:48]} {[%emt 00:00:37]}
d2 {[%clk 00:42:13]} {[%emt 00:01:10]} 52. Bxd2 {[%clk 00:06:13]} {[%emt
00:00:06]} cxd2 {[%clk 00:42:37]} {[%emt 00:00:06]} 53. Ke2 {[%clk 00:06:39]}
{[%emt 00:00:04]} 1-0